| 000 | 00592nam a2200217 a 4500 | ||
|---|---|---|---|
| 005 | 20240426063720.0 | ||
| 008 | 070118s2003 mx r 000 0 spa d | ||
| 020 | _a9706882316 | ||
| 020 | _a9706889388 | ||
| 035 | _aUPN01000148689 | ||
| 049 | _aCG | ||
| 050 | 4 |
_aLB3011.5 _bM6.3 |
|
| 100 | 1 |
_aMora Solís, Claudia de la _936259 |
|
| 245 | 1 | 0 |
_aDisciplina en el aula / _cClaudia de la Mora Solís. |
| 260 |
_aMéxico : _bSM, _c2003. |
||
| 300 | _a132 p. | ||
| 440 | 0 |
_aAula nueva ; _v2 |
|
| 650 | 4 |
_aDisciplina escolar _91521 |
|
| 650 | 4 |
_aDisciplina de niños _914102 |
|
| 905 | _aLibro | ||
| 999 |
_c120830 _d120830 |
||